书目信息 |
| 题名: |
杨伯峻四书全译
|
|
| 作者: | 杨伯峻 著 | |
| 分册: | ||
| 出版信息: | 北京 中华书局 2020.8 |
|
| 页数: | 457页 | |
| 开本: | 22cm | |
| 丛书名: | ||
| 单 册: | ||
| 中图分类: | B222.14 | |
| 科图分类: | ||
| 主题词: | 儒家--ru jia , 四书--si shu--译文 | |
| 电子资源: | ||
| ISBN: | 978-7-101-14673-8 | |
| 000 | 00879nam0 2200241 450 | |
| 001 | 2131044742 | |
| 005 | 20211029202829.0 | |
| 010 | @a978-7-101-14673-8@dCNY42.00 | |
| 100 | @a20200728d2020 em y0chiy0110 ea | |
| 101 | 0 | @achi |
| 102 | @aCN@b110000 | |
| 105 | @ay z 000yy | |
| 106 | @ar | |
| 200 | 1 | @a杨伯峻四书全译@Ayang bai jun si shu quan yi@f杨伯峻著 |
| 210 | @a北京@c中华书局@d2020.8 | |
| 215 | @a457页@d22cm | |
| 330 | @a本书是杨伯峻先生对儒家传统正宗“四书”(《大学》《中庸》《论语》《孟子》)的白话翻译。全书起首有“前言”一篇,交代“四书”这一概念的定型和《四书》对后世的影响。正文部分则是各自独立的四部经典,每篇都有一个引言,接下来是文白对照的原文和翻译。 | |
| 606 | 0 | @a儒家@Aru jia |
| 606 | 0 | @a四书@Asi shu@x译文 |
| 690 | @aB222.14@v5 | |
| 701 | 0 | @a杨伯峻@Ayang bai jun@4著 |
| 801 | 0 | @aCN@b百万庄@c20211029 |
| 905 | @b1313107-110@dB222.14@e1015@f4 | |
| 杨伯峻四书全译/杨伯峻著.-北京:中华书局,2020.8 |
| 457页;22cm |
| ISBN 978-7-101-14673-8:CNY42.00 |
| 本书是杨伯峻先生对儒家传统正宗“四书”(《大学》《中庸》《论语》《孟子》)的白话翻译。全书起首有“前言”一篇,交代“四书”这一概念的定型和《四书》对后世的影响。正文部分则是各自独立的四部经典,每篇都有一个引言,接下来是文白对照的原文和翻译。 |
| ● |
| 相关链接 |
|
|
|
|
正题名:杨伯峻四书全译
索取号:B222.14/1015
 
预约/预借
| 序号 | 登录号 | 条形码 | 馆藏地/架位号 | 状态 | 备注 |
| 1 | 1313107 | 213131074 | 第一样本阅览室/ [索取号:B222.14/1015] | 在馆 | |
| 2 | 1313108 | 213131083 | 第一借阅区/ [索取号:B222.14/1015] | 在馆 | |
| 3 | 1313109 | 213131092 | 第一借阅区/ [索取号:B222.14/1015] | 在馆 | |
| 4 | 1313110 | 213131109 | 第一借阅区/ [索取号:B222.14/1015] | 在馆 |